Commentateurs Jeux Vidéos FIFA en France - Statistiques

Statistiques générales
  • Ce quiz a été pris 90 fois
  • Le résultat moyen est 4 sur 15
Statistiques - réponses
Indice(s) Commentateur % Correct
De FIFA 17 à FIFA 21 / Consultant, chroniqueur, polémiste Pierre Ménès
87%
De FIFA 23 à FC 24 / Ancien Footballeur, commentateur, consultant Omar Da Fonseca
71%
De FIFA 23 à FC 24 / Journaliste Sportif et commentateur Benjamin Da Silva
70%
De FIFA 07 à FIFA 22 / Journaliste Sportif et présentateur de télévision Hervé Mathoux
66%
A partir de FC 24 / Ancienne Footballeuse, consultante Laure Boulleau
60%
FIFA 06 et de FIFA 08 à FIFA 16 / Ancien Footballeur, consultant Franck Sauzée
32%
De FIFA 98 à FIFA 2002 / Journaliste Sportif et commentateur Thierry Gilardi
21%
De FIFA 98 à FIFA 2000 / Animateur télé Jean-Luc Reichmann
16%
FIFA 06 / Journaliste Sportif (de radio), et commentateur Eugène Saccomano
7%
FIFA 2004 et 2005 / Ancien Footballeur et entraineur, consultant Remi Garde
5%
FIFA 98 et 99 / Footballeur jusqu'en 2002, consultant, animateur David Ginola
4%
De FIFA 2003 à FIFA 2005 / Journaliste Sportif et commentateur Grégoire Margotton
4%
FIFA 2000 à 2001 / Ancien Footballeur, journaliste, consultant Laurent Paganelli
4%
FIFA 07 / Ancien Footballeur et entraineur, consultant Paul Le Guen
4%
FIFA 2002 et 2003 / Ancien Footballeur et entraineur, consultant Olivier Rouyer
1%
Aucun quiz correspondant
Distribution des résultats
% des personnes avec chaque résultat
Percentile par nombre de réponses
Votre historique - résultats
Vous n’avez pas pris ce quiz